<?xml version="1.0" encoding="UTF-8"?>
<record
    xmlns:xsi="http://www.w3.org/2001/XMLSchema-instance"
    xsi:schemaLocation="http://www.loc.gov/MARC21/slim http://www.loc.gov/standards/marcxml/schema/MARC21slim.xsd"
    xmlns="http://www.loc.gov/MARC21/slim">

  <leader>03755nam a22002537a 4500</leader>
  <controlfield tag="005">20240305165622.0</controlfield>
  <controlfield tag="007">cr||||   |||| </controlfield>
  <controlfield tag="008">211215s2020    br |||||s|||| 00||0 por d</controlfield>
  <datafield tag="020" ind1=" " ind2=" ">
    <subfield code="a">978-65-5515-090-2</subfield>
  </datafield>
  <datafield tag="035" ind1=" " ind2=" ">
    <subfield code="a">35494</subfield>
  </datafield>
  <datafield tag="040" ind1=" " ind2=" ">
    <subfield code="a">vLex</subfield>
  </datafield>
  <datafield tag="090" ind1=" " ind2=" ">
    <subfield code="c">12725</subfield>
    <subfield code="d">12725</subfield>
  </datafield>
  <datafield tag="100" ind1="1" ind2=" ">
    <subfield code="a">Rosenvald, Nelson</subfield>
  </datafield>
  <datafield tag="245" ind1="1" ind2="0">
    <subfield code="a">Novas fronteiras da responsabilidade civil</subfield>
    <subfield code="h">[Recurso electr&#xF3;nico] :</subfield>
    <subfield code="b">direito comparado /</subfield>
    <subfield code="c">Nelson Rosenvald</subfield>
  </datafield>
  <datafield tag="256" ind1=" " ind2=" ">
    <subfield code="a">Servicio en l&#xED;nea</subfield>
  </datafield>
  <datafield tag="260" ind1=" " ind2=" ">
    <subfield code="a">Indaiatuba:</subfield>
    <subfield code="b">Editora Foco,</subfield>
    <subfield code="c">2020</subfield>
  </datafield>
  <datafield tag="300" ind1=" " ind2=" ">
    <subfield code="a">1 recurso electr&#xF3;nico</subfield>
  </datafield>
  <datafield tag="500" ind1=" " ind2=" ">
    <subfield code="a">&#x93;A responsabilidade civil &#xE9; um dos mais din&#xE2;micos institutos jur&#xED;dicos, pois, quando a sociedade se transforma a responsabilidade civil vivifica tamb&#xE9;m. Nas &#xFA;ltimas d&#xE9;cadas o sistema conceitual normativo de responsabilidade civil experimentou uma n&#xED;tida reformula&#xE7;&#xE3;o. Iniciando pela import&#xE2;ncia normativa dos princ&#xED;pios que refletiu diretamente no instituto: o dever de indenizar tem cada vez mais seu fundamento nos princ&#xED;pios e n&#xE3;o somente nas regras, externando a&#xED; o matiz aberto e multifacetado do injusto civil e a ampla gama de seus efeitos, n&#xE3;o mais limitados ao dever de indenizar. Eis uma obra que se aparta dos ju&#xED;zos determinantes, os quais, como j&#xE1; alertava Kant, se divorciavam dos ju&#xED;zos reflexivos, aptos a ter efeito depurador nos conceitos e a apresentar contribui&#xE7;&#xE3;o indel&#xE9;vel na experi&#xEA;ncia e no conhecimento. Do argumento monossil&#xE1;bico e minimalista at&#xE9; a hipertrofia da prote&#xE7;&#xE3;o ampla e irrestrita, o arco cobre bem-vindas controv&#xE9;rsias dial&#xF3;gicas dos cl&#xE1;ssicos aos contempor&#xE2;neos. Um direito de danos que seja &#x91;direito sem dano&#x92; como sin&#xF4;nimo de espraiada responsabilidade de todos para todos suscita teoriza&#xE7;&#xF5;es complexas. Para alguns, como Alex Kozinski, h&#xE1; nos dias atuais uma tend&#xEA;ncia de n&#xE3;o aceitar que o infort&#xFA;nio acontece, faz parte da vida, como os rel&#xE2;mpagos, e n&#xE3;o haveria como responsabilizar terceiros por isso (Brave new world 30 U.C Davis Law Review 997 1996-1997). Um passo largo que n&#xE3;o coincide com &#xE0; principiol&#xF3;gica &#xF3;ptica de constitucionalizar as rela&#xE7;&#xF5;es jur&#xED;dicas em geral. Concorde-se ou n&#xE3;o com a assertiva, ela nos instiga a aprofundar os estudos e ampliar os lindes da responsabilidade civil. (...) A colet&#xE2;nea de artigos abrange um largo espectro de temas que v&#xE3;o do olhar filos&#xF3;fico ao terreno que abrange as obriga&#xE7;&#xF5;es, o lucro, a an&#xE1;lise econ&#xF4;mica da responsabilidade civil, os direitos de personalidade e argumenta&#xE7;&#xE3;o jur&#xED;dica, e ainda a prescri&#xE7;&#xE3;o. Tamb&#xE9;m s&#xE3;o objetos de an&#xE1;lise as pol&#xED;ticas p&#xFA;blicas, tutela indenizat&#xF3;ria, compensa&#xE7;&#xE3;o de danos liberdade consumo, direito de fam&#xED;lia, enriquecimento il&#xED;cito, direito &#xE0; sa&#xFA;de e os contratos de seguro. A obra &#xE9; ampla, em linguagem acess&#xED;vel a estudantes e (por certo) a estudiosos de todos os campos de saberes, sem descurar da profundidade. Com esta colet&#xE2;nea, o leitor tem nas m&#xE3;os textos elaborados por expoentes do universo jur&#xED;dico nacional e estrangeiro que, a partir de importantes temas, v&#xEA;m colmatar lacunas verificadas no corpo do conhecimento. A obra est&#xE1; pronta e &#xE0; espera de leitura e reflex&#xE3;o. O leitor, por certo, &#x91;sair&#xE1; em visita&#x92; nesse universo de boas ideias e provoca&#xE7;&#xF5;es que &#xE9; bem recebido como contribui&#xE7;&#xE3;o ao mundo normativo&#x94;.</subfield>
  </datafield>
  <datafield tag="506" ind1="1" ind2=" ">
    <subfield code="a">Disponible solo en los productos indicados</subfield>
    <subfield code="d">vLex Global</subfield>
    <subfield code="d">vLex Global (Academic Edition, excluding Law Schools)</subfield>
    <subfield code="d">vLex Global (U.S. Academic Edition, Law Schools)</subfield>
    <subfield code="d">vLex Global (U.S. Academic Edition, excluding Law Schools)</subfield>
    <subfield code="d">vLex Global (Academic Edition, Law Schools)</subfield>
  </datafield>
  <datafield tag="650" ind1="0" ind2="4">
    <subfield code="a">Derecho Civil</subfield>
    <subfield code="z">Brasil</subfield>
  </datafield>
  <datafield tag="740" ind1="0" ind2=" ">
    <subfield code="a">vLex Libros (Servicio en l&#xED;nea)</subfield>
  </datafield>
  <datafield tag="856" ind1="4" ind2="0">
    <subfield code="u">https://app.vlex.com/#/sources/35494</subfield>
  </datafield>
  <datafield tag="942" ind1=" " ind2=" ">
    <subfield code="c">RAA</subfield>
  </datafield>
  <datafield tag="952" ind1=" " ind2=" ">
    <subfield code="0">0</subfield>
    <subfield code="1">0</subfield>
    <subfield code="4">0</subfield>
    <subfield code="7">0</subfield>
    <subfield code="8">VLEX</subfield>
    <subfield code="9">328892</subfield>
    <subfield code="a">BD-UIN</subfield>
    <subfield code="b">BD-UIN</subfield>
    <subfield code="d">2024-03-05</subfield>
    <subfield code="l">0</subfield>
    <subfield code="p">35494</subfield>
    <subfield code="r">2024-03-05</subfield>
    <subfield code="w">2024-03-05</subfield>
    <subfield code="y">RAA</subfield>
  </datafield>
  <datafield tag="999" ind1=" " ind2=" ">
    <subfield code="c">170961</subfield>
    <subfield code="d">170961</subfield>
  </datafield>
</record>
